Velký slovník zkratek Evropské unie
Saved in:
| Main Author: | |
|---|---|
| Format: | Book |
| Language: | English Czech |
| Published: |
Praha
East West Publishing Company
2000
|
| Subjects: | |
| Tags: |
No Tags, Be the first to tag this record!
|
MARC
| LEADER | 00000nam a2200000 4500 | ||
|---|---|---|---|
| 001 | c118011 | ||
| 005 | 20221108092646.6 | ||
| 020 | |a 80-7219-007-5 | ||
| 041 | 0 | |a eng | |
| 041 | 0 | |a cze | |
| 044 | |a CZ | ||
| 245 | 1 | 0 | |a Velký slovník zkratek Evropské unie |c Jiří Elman |
| 264 | 1 | |a Praha |b East West Publishing Company |c 2000 | |
| 300 | |a 977 s. | ||
| 610 | 2 | 0 | |a terminológia |
| 610 | 2 | 0 | |a jazykoveda |
| 610 | 2 | 0 | |a jednotky peňažné |
| 610 | 2 | 0 | |a mena |
| 610 | 2 | 0 | |a kódy |
| 610 | 2 | 0 | |a banky |
| 610 | 2 | 0 | |a miery |
| 610 | 2 | 0 | |a korešpondencia |
| 610 | 2 | 0 | |a hodnosti vedecké |
| 610 | 2 | 0 | |a Európska únia |
| 100 | 1 | |a Elman, Jiří | |